Quadratic forms over semilocal rings

Saved in:
Bibliografiske detaljer
Hovedforfatter: Baeza, Ricardo (Author)
Format: Bog
Sprog:engelsk
Udgivet: Berlín Springer-Verlag 1978
Serier:Lecture Notes in Mathematics, 655
Fag:
Tags: Tilføj Tag
Ingen Tags, Vær først til at tagge denne postø!

MARC

LEADER 00000nam a2200000 a 4500
001 UCQ8910
003 CL-VaPUC
008 981217e19780000GW |||||||||||||||||eng|d
082 0 4 |a 512.4  |b BAE  |2 21 
100 0 |a Baeza, Ricardo  |e author  |9 423219 
245 1 0 |a Quadratic forms over semilocal rings 
300 |a 199 p 
942 |c BK 
945 |d 19981217 00:00:00  |a crobeson 
260 |a Berlín  |b Springer-Verlag  |c 1978 
650 0 |a Anillos  |9 374316 
650 0 |a Teoría de anillos   |9 342207 
650 7 |a FORMAS CUADRATICAS  |2 CL-VaPUC  |9 270195 
583 |a last modification  |c 19981217 00:00:00  |k Rodrigo Vera 
490 0 |a Lecture Notes in Mathematics, 655 
999 |c 278075  |d 278073 
952 |0 0  |1 0  |4 0  |6 512_400000000000000_BAE_1978  |7 0  |8 A  |9 316417  |a BIBMAT  |b BIBMAT  |d 2019-11-20  |i 1305867  |o 512.4 BAE 1978  |p 1305867  |r 2025-01-07  |w 2019-11-20  |y BK  |k MAT